Stúdia systémovej identifikácie nosnej konštrukcie mosta
Enregistré dans:
| Auteur principal: | |
|---|---|
| Autres auteurs: | |
| Format: | Manuscrit Livre |
| Langue: | slovaque |
| Publié: |
2016
|
| Sujets: | |
| Accès en ligne: | http://is.stuba.sk/zp/portal_zp.pl?podrobnosti=118101 https://opac.crzp.sk/?fn=detailBiblioForm&sid=41728D440EB1EF629015118922FE |
| Tags: |
Pas de tags, Soyez le premier à ajouter un tag!
|
MARC
| LEADER | 00000ntm a22000003a 4500 | ||
|---|---|---|---|
| 001 | stuzp58238 | ||
| 003 | SK-STU | ||
| 005 | 20231002093355.1 | ||
| 007 | ta | ||
| 008 | 150427s2015----xo-----f-mn---000-0-slo-d | ||
| 040 | |a STU |b slo | ||
| 041 | 0 | |a slo | |
| 100 | 1 | |a Šišmišová, Zuzana |u 010250 |4 aut |U SvF Stavebná fakulta |T SvF Katedra stavebnej mechaniky |X 67635 |U V250 |Y 26 |7 A000067635 | |
| 242 | 0 | 1 | |a Study of systemic identification of bearing construction of bridge |y eng |
| 245 | 1 | 0 | |a Stúdia systémovej identifikácie nosnej konštrukcie mosta |
| 260 | |c 2016 | ||
| 650 | 4 | |a konečno prvkový model |2 slo | |
| 650 | 4 | |a simulácia dopravy |2 slo | |
| 650 | 4 | |a vlastné tvary kmitania |2 slo | |
| 650 | 4 | |a pohybujúce sa zaťaženie |2 slo | |
| 650 | 4 | |a simulation of real traffic |2 eng | |
| 650 | 4 | |a dynamic response |2 eng | |
| 650 | 4 | |a moving wieght |2 eng | |
| 700 | 1 | |a Sokol, Milan |u 010250 |k Z1 |4 ths |U SvF Stavebná fakulta |T SvF Katedra stavebnej mechaniky |X 687 |U V250 |Y 26 |7 A000000687 | |
| 856 | 4 | |u http://is.stuba.sk/zp/portal_zp.pl?podrobnosti=118101 | |
| 856 | 4 | |u https://opac.crzp.sk/?fn=detailBiblioForm&sid=41728D440EB1EF629015118922FE | |
| SQL | |a stuzp58238 |b DDP |c SLO |d Stúdia systémovej identifikácie nosnej konštrukcie mosta |e 67635 |f Šišmišová, Zuzana |g 010250 |h 687 |i Sokol, Milan |j 20160614 |k 945 |l 01 |m http://is.stuba.sk/zp/portal_zp.pl?podrobnosti=118101 |n I-NKS |o 5.1.5. inžinierske konštrukcie a dopravné stavby | ||